00311nam a2200121Ia 4500008004100000041000800041082001200049100002300061245004500084260003100129300002400160365000500184240624s9999 xx 000 0 und d aeng a425 SPR aSPRUIELL WILLIAM C aSCHAUM S EASY OUTLINES WRITING AND GRAMM c2001aNew YorkbMcGrawhill av, : 122 : cm. ; 21 c